header

Supporting the whole child (Record no. 103295)

MARC details
000 -LEADER
fixed length control field 01318nam a2200325Ia 4500
245 00 - TITLE STATEMENT
Title Supporting the whole child
260 ## - PUBLICATION, DISTRIBUTION, ETC. (IMPRINT)
Place of publication Alexandria, Va. :
Name of publisher ASCD,
Year of publication c2009.
300 ## - PHYSICAL DESCRIPTION
Number of Pages xiii, 327 p. :
Other physical details ill.
650 #0 - SUBJECT ADDED ENTRY--TOPICAL TERM
Topical Term Motivation in education.
Topical Term Academic achievement.
Topical Term Learning.
700 1# - ADDED ENTRY--PERSONAL NAME
Personal name Scherer, Marge,
856 40 - ELECTRONIC LOCATION AND ACCESS
Uniform Resource Identifier http://site.ebrary.com/lib/rucke/Doc?id=10381786

No items available.

© 2026 Rongo University
Contact us: librarian | system librarian | Rongo university